[Event "DRUZYNOWE MISTRZOSTWA POLSKI JUNIOROW - II LIGA"]
[Site "Szczyrk, CKiR Orle Gniazdo ul. Wrzosowa 28a"]
[Date "2014-07-26"]
[Round "3.27"]
[White "Janiszewski, Filip"]
[Black "Pniaczek, Marek"]
[Result "1/2-1/2"]
[WhiteTitle "I"]
[BlackTitle "II+"]
[WhiteElo "1825"]
[BlackElo "1585"]

1. e4 c5 2. Nf3 d6 3. d4 cxd4 4. Nxd4 Nf6 5. Nc3 Nc6 6. f3 e5 7. Nb3 Be6 8. Be3
Be7 9. Nd5 O-O 10. c4 Rc8 11. Be2 b6 12. O-O Bxd5 13. cxd5 Nb8 14. Qd2 Nbd7 15.
Bb5 Nh5 16. a4 Nc5 17. Nc1 a5 18. Ra3 Bf6 19. Na2 Nf4 20. g3 Ng6 21. b4 axb4 22.
Nxb4 h5 23. Nc6 Qc7 24. Bxc5 bxc5 25. a5 h4 26. a6 Ne7 27. Nxe7+ Bxe7 28. a7 c4
29. Bc6 Ra8 30. Qa5 Qxa5 31. Rxa5 Bd8 32. Rfa1 Bxa5 33. Rxa5 hxg3 34. hxg3 c3
35. Bxa8 Rxa8 36. Ra6 c2 37. Rc6 Rxa7 38. Rc8+ Kh7 39. Rxc2 Kg6 40. Rc6 Rd7 41.
f4 f6 42. Kg2 Kf7 43. Kf3 Ke7 44. Kg4 exf4 45. gxf4 g6 46. Rc8 Kf7 47. Kf3 f5
48. Rh8 fxe4+ 49. Kxe4 Kf6 50. Rf8+ Ke7 51. Ra8 Rb7 52. Ra4 1/2-1/2

[Event "DRUZYNOWE MISTRZOSTWA POLSKI JUNIOROW - II LIGA"]
[Site "Szczyrk, CKiR Orle Gniazdo ul. Wrzosowa 28a"]
[Date "2014-07-26"]
[Round "3.28"]
[White "Kucharska, Honorata"]
[Black "Dixa, Oskar"]
[Result "1-0"]
[WhiteTitle "I+"]
[BlackTitle "I"]
[WhiteElo "1718"]
[BlackElo "1496"]

1. d4 d5 2. Nf3 Nf6 3. e3 c6 4. Bd3 Nbd7 5. O-O e6 6. b3 Be7 7. Bb2 O-O 8. Nbd2
b6 9. Ne5 Bb7 10. f4 c5 11. Qf3 Qc7 12. Qh3 h6 13. f5 Bd6 14. Ndf3 exf5 15. Bxf5
Bc8 16. Nxd7 Bxd7 17. Ne5 Bxf5 18. Qxf5 Qc8 19. Qf3 Qe6 20. Rad1 b5 21. c4 bxc4
22. bxc4 Rab8 23. Ba1 Rfc8 24. Rfe1 Kf8 25. cxd5 Qxd5 26. Qxd5 Nxd5 27. dxc5 Bxe5
28. Bxe5 Nc7 29. Rd7 f6 30. Bd6+ Ke8 31. Rxc7 Rxc7 32. Bxc7 Rb2 33. Rc1 Kd7 34.
Bg3 Kc6 35. a4 Ra2 36. Rc4 g5 37. h3 Ra3 38. Bf2 Ra1+ 39. Kh2 Ra2 40. Bg1 f5 41.
Kh1 h5 42. e4 f4 43. e5 Re2 44. Rd4 Rxe5 45. Rd6+ Kc7 46. Rg6 Rd5 47. a5 Re5 48.
a6 Rd5 49. Rg7+ Kc6 50. Rxa7 g4 51. hxg4 hxg4 52. Rh7 Rd8 53. Rh6+ Kc7 54. c6
Ra8 55. a7 g3 56. Bd4 Rd8 57. Be5+ Kb6 58. c7+ Rd6 59. Bxd6 Kb7 60. a8=Q+ 1-0

[Event "DRUZYNOWE MISTRZOSTWA POLSKI JUNIOROW - II LIGA"]
[Site "Szczyrk, CKiR Orle Gniazdo ul. Wrzosowa 28a"]
[Date "2014-07-26"]
[Round "3.29"]
[White "Gudelajtis, Anna"]
[Black "Kasperek, Kinga"]
[Result "1/2-1/2"]
[WhiteTitle "I"]
[BlackTitle "I"]
[WhiteElo "1507"]
[BlackElo "1559"]

1. e4 c5 2. Nf3 Nc6 3. d4 cxd4 4. Nxd4 g6 5. c4 Nf6 6. f3 Qb6 7. Nb3 Bg7 8. c5
Qd8 9. Nc3 O-O 10. Be3 b6 11. cxb6 axb6 12. Bc4 d6 13. O-O Ne5 14. Be2 Be6 15.
Nd2 d5 16. exd5 Nxd5 17. Nxd5 Bxd5 18. Qc2 Rc8 19. Qa4 Qd7 20. Qh4 Rc2 21. a4
Rxb2 22. Bb5 Qb7 23. Rac1 Bf6 24. Qh6 Rc8 25. Rxc8+ Qxc8 26. Bd4 Ra2 27. Bxb6
Qc2 28. Be3 Nc4 29. Bxc4 Bxc4 30. Rb1 Rb2 31. Rxb2 Bxb2 32. Nxc4 Qxc4 33. Qf4
Qc3 34. Bd2 Qc5+ 35. Kf1 Bd4 36. Qb8+ Kg7 37. Qb5 Qxb5+ 38. axb5 Kf6 39. Ke2 Ke5
40. Kd3 Kd5 41. Bb4 e5 42. h3 f5 43. Ba5 Kc5 44. b6 Kc6 45. Kc4 Be3 46. Bc3 Bf4
47. Ba5 Be3 48. Bc3 Bf4 49. Ba5 Be3 50. Bc3 e4 51. fxe4 fxe4 52. Bd4 Bf4 1/2-1/2

[Event "DRUZYNOWE MISTRZOSTWA POLSKI JUNIOROW - II LIGA"]
[Site "Szczyrk, CKiR Orle Gniazdo ul. Wrzosowa 28a"]
[Date "2014-07-26"]
[Round "3.30"]
[White "Pyzio, Amelia"]
[Black "Wawrzyniak, Weronika"]
[Result "1-0"]
[WhiteTitle "I"]
[BlackTitle "II"]
[WhiteElo "1370"]
[BlackElo "1216"]

1. e4 e5 2. Nf3 Nc6 3. Bb5 a6 4. Ba4 Nf6 5. O-O d6 6. Re1 Be7 7. h3 O-O 8. c3 b5
9. Bc2 Na5 10. d4 Nd7 11. Nbd2 c5 12. Nf1 cxd4 13. cxd4 Nc6 14. Ng3 Nb6 15. Bb3
Qc7 16. Be3 Bd7 17. dxe5 Nxe5 18. Nxe5 dxe5 19. Bxb6 Qxb6 20. Qxd7 Bc5 21. Rf1
Rad8 22. Qg4 Rd2 23. Nf5 Qg6 24. Rac1 Qxg4 25. hxg4 Bd4 26. Nxd4 Rxd4 27. f3 a5
28. Rfd1 Rfd8 29. Rxd4 exd4 30. Bd5 Kf8 31. Rc7 d3 32. Kf2 d2 33. Ke2 Ke8 34.
Bxf7+ Kf8 35. Bd5 b4 36. Kxd2 h6 37. Rf7+ Ke8 38. Rxg7 Rd6 39. Ra7 Kf8 40. Rxa5
Kg7 41. Rc5 Kf6 42. Rc6 Rxc6 43. Bxc6 Ke5 44. Ke3 Kd6 45. Ba8 Ke6 46. f4 Kf6 47.
Bd5 Ke7 48. e5 Kd7 49. f5 Ke7 50. f6+ Kf8 51. e6 Ke8 52. e7 Kd7 53. Bf7 Kd6 54.
e8=Q Kc5 55. Qe5+ Kc6 56. Qd5+ Kc7 57. Qe6 Kd8 58. Qe7+ Kc8 59. Be6+ Kb8 60. f7
Ka8 61. f8=R# 1-0

[Event "DRUZYNOWE MISTRZOSTWA POLSKI JUNIOROW - II LIGA"]
[Site "Szczyrk, CKiR Orle Gniazdo ul. Wrzosowa 28a"]
[Date "2014-07-26"]
[Round "3.31"]
[White "Teclaf, Pawel"]
[Black "Jajte-pachota, Maciej"]
[Result "0-1"]
[WhiteTitle "CM"]
[BlackTitle "I"]
[WhiteElo "1979"]
[BlackElo "1916"]

1. e4 Nf6 2. e5 Nd5 3. d4 d6 4. c4 Nb6 5. exd6 cxd6 6. Nf3 g6 7. h3 Bg7 8. Be2
O-O 9. O-O Nc6 10. Nc3 Bf5 11. Be3 d5 12. c5 Nc4 13. Bxc4 dxc4 14. Qa4 Bd3 15.
Rfe1 Nxd4 16. Nxd4 Bxd4 17. Bxd4 Qxd4 18. Rxe7 Qxc5 19. Rae1 b5 20. Nxb5 Rab8
21. R1e5 Qc6 22. Nc3 Qd6 23. Qxa7 Rxb2 24. Qe3 Rc2 25. Nb5 Qb8 26. Nd4 Rxa2 27.
f4 Qb2 28. Rg5 Qd2 29. Qe5 Qf2+ 30. Kh2 Ra5 31. Qxa5 Qxf4+ 32. Rg3 Qxd4 33. Qc7
Qd5 34. Re5 Qd4 35. Re7 Bf5 36. Qa7 Qf6 37. Rc7 Be6 38. Qc5 Ra8 39. Rf3 Qb2 40.
Rf2 Qb8 41. g3 Qd8 42. Qe5 h5 43. Rb7 Rc8 44. Rb1 h4 45. Rg1 Qd3 46. Qf6 c3 47.
Rf3 Qd6 48. Qf4 hxg3+ 49. Kxg3 Qd5 50. Rc1 c2 51. Qe3 Rc4 52. Kh2 Re4 53. Qd3
Qe5+ 54. Kh1 Re1+ 55. Rf1 Bd5+ 56. Kg1 Qg5+ 57. Kf2 Rxc1 0-1

[Event "DRUZYNOWE MISTRZOSTWA POLSKI JUNIOROW - II LIGA"]
[Site "Szczyrk, CKiR Orle Gniazdo ul. Wrzosowa 28a"]
[Date "2014-07-26"]
[Round "3.32"]
[White "Polek, Marek"]
[Black "Krawiec, Grzegorz"]
[Result "0-1"]
[WhiteTitle "I"]
[BlackTitle "II"]
[WhiteElo "1756"]
[BlackElo "1564"]

1. e4 c5 2. Nf3 e6 3. d4 cxd4 4. Nxd4 Nc6 5. Nc3 Qc7 6. Be3 a6 7. Be2 Bb4 8. O-O
Nf6 9. Bf3 Ne5 10. Nce2 O-O 11. Ng3 b5 12. Be2 Bb7 13. f3 Rac8 14. Rc1 Bc5 15.
c3 Nc6 16. Nc2 Bxe3+ 17. Nxe3 Qb6 18. Qd2 d5 19. Kh1 dxe4 20. Ng4 Nxg4 21. fxg4
Ne5 22. Qg5 Ng6 23. Rce1 Rfd8 24. Bd1 e3 25. Qxe3 Qxe3 26. Rxe3 Rd2 27. Re2 Rcd8
28. Kg1 Rxd1 0-1

[Event "DRUZYNOWE MISTRZOSTWA POLSKI JUNIOROW - II LIGA"]
[Site "Szczyrk, CKiR Orle Gniazdo ul. Wrzosowa 28a"]
[Date "2014-07-26"]
[Round "3.33"]
[White "Lewandowski, Wiktor"]
[Black "Flach, Rajmund"]
[Result "1/2-1/2"]
[WhiteTitle "II"]
[BlackTitle "II"]
[WhiteElo "1357"]
[BlackElo "1353"]

1. e4 c5 2. Nf3 Nc6 3. d4 cxd4 4. Nxd4 e5 5. Nb5 d6 6. N1c3 a6 7. Na3 b5 8. Nd5
Nge7 9. Bg5 h6 10. Bh4 Be6 11. c4 Nd4 12. Nc2 Bxd5 13. Bxe7 Bxe7 14. Nxd4 Qa5+
15. Qd2 Qxd2+ 16. Kxd2 Bxc4 17. Bxc4 bxc4 18. Nf5 g6 19. Nxe7 Kxe7 20. Rac1 Rac8
21. Rc3 f5 22. f3 Rhf8 23. Ke3 Rc5 24. Rhc1 Rfc8 25. Ra3 a5 26. Rac3 Ke6 27. R1c2
fxe4 28. fxe4 Rb8 29. Rf2 a4 30. h3 Rbc8 31. g3 d5 32. exd5+ Rxd5 33. Rfc2 Rd4
34. Ra3 Ra8 35. Rac3 Kd5 36. Rf2 Re4+ 37. Kd2 Rb8 38. Rc2 Rb6 39. Rf3 Rd6 40.
Kc3 Kc5 41. Rcf2 Re1 42. Kc2 Red1 43. Re2 R1d5 44. Rfe3 Re6 45. Ra3 Kb5 46. Rae3
h5 47. Re1 Kc6 48. Ra3 1/2-1/2

[Event "DRUZYNOWE MISTRZOSTWA POLSKI JUNIOROW - II LIGA"]
[Site "Szczyrk, CKiR Orle Gniazdo ul. Wrzosowa 28a"]
[Date "2014-07-26"]
[Round "3.35"]
[White "Maciak, Gabriela"]
[Black "Jedrocha, Katarzyna"]
[Result "0-1"]
[WhiteTitle "II"]
[BlackTitle "I+"]
[WhiteElo "1385"]
[BlackElo "1723"]

1. e4 e5 2. Nf3 Nc6 3. Nc3 Nf6 4. d4 exd4 5. Nxd4 Bb4 6. Nxc6 bxc6 7. Bd3 O-O 8.
Bg5 Re8 9. O-O h6 10. Bxf6 Qxf6 11. Na4 d5 12. exd5 cxd5 13. c4 d4 14. a3 Bf8
15. b4 Bb7 16. Qh5 Qc6 17. Qd5 Qxd5 18. cxd5 Bxd5 19. Rac1 Bd6 20. Nc5 Re7 21.
Rfd1 Bf4 22. Rb1 Rae8 23. Bf1 Be5 24. Nd3 Be4 25. Rbc1 Bf6 26. Nc5 Bf5 27. Bb5
Rd8 28. Nb7 Rd5 29. Bc6 Rde5 30. h3 Bg5 31. Rc5 Re1+ 32. Rxe1 Rxe1+ 33. Kh2 g6
34. Bf3 d3 35. Rxc7 Bf4+ 36. g3 Bxc7 37. Nc5 d2 38. Na6 Be5 39. Nc5 d1=Q 40. Bxd1
Rxd1 41. a4 Bd4 42. Nb3 Be4 43. Nxd4 Rh1# 0-1

[Event "DRUZYNOWE MISTRZOSTWA POLSKI JUNIOROW - II LIGA"]
[Site "Szczyrk, CKiR Orle Gniazdo ul. Wrzosowa 28a"]
[Date "2014-07-26"]
[Round "3.36"]
[White "Furtak, Joanna"]
[Black "Karykowska, Anna"]
[Result "0-1"]
[WhiteTitle "I"]
[BlackTitle "I+"]
[WhiteElo "1425"]
[BlackElo "1528"]

1. e4 c5 2. Nf3 Nc6 3. d4 cxd4 4. Nxd4 Nf6 5. Nc3 e5 6. Nf3 Bb4 7. Bd3 d5 8. Nd2
O-O 9. Nxd5 Nxd5 10. exd5 Qxd5 11. Qf3 Bxd2+ 12. Bxd2 e4 13. Qg3 exd3 14. cxd3
Qe5+ 15. Qxe5 Nxe5 16. d4 Nd3+ 17. Kf1 Nxb2 18. Re1 Be6 19. a3 Nc4 20. Bb4 Rfd8
21. Rd1 h6 22. Kg1 a5 23. Bc5 b6 24. Be7 Rd7 25. Bh4 Nxa3 26. h3 Nc2 27. Rb1 Rxd4
28. Bg3 Rb4 29. Rc1 Nd4 30. Kh2 Ne2 31. Rb1 Rxb1 32. Rxb1 Nxg3 33. fxg3 Rb8 34.
Kg1 b5 35. Kf2 b4 36. Ke3 b3 37. Kd2 a4 38. Kc3 a3 39. g4 b2 40. g3 a2 41. Rxb2
a1=Q 0-1

[Event "DRUZYNOWE MISTRZOSTWA POLSKI JUNIOROW - II LIGA"]
[Site "Szczyrk, CKiR Orle Gniazdo ul. Wrzosowa 28a"]
[Date "2014-07-26"]
[Round "3.37"]
[White "Koitka, Jakub"]
[Black "Klimek, Piotr"]
[Result "1/2-1/2"]
[WhiteTitle "I+"]
[BlackTitle "I"]
[WhiteElo "1994"]
[BlackElo "1839"]

1. e4 e6 2. d4 d5 3. Nc3 Bb4 4. Nge2 dxe4 5. a3 Bxc3+ 6. Nxc3 Nc6 7. Bb5 Nge7 8.
Bg5 f6 9. Be3 O-O 10. O-O f5 11. Bg5 Qe8 12. f3 exf3 13. Qxf3 Qg6 14. Be3 Bd7
15. Rae1 Rad8 16. Bf2 Qf6 17. Qf4 Rc8 18. Bh4 Qf7 19. Bxe7 Qxe7 20. Kh1 Qd6 21.
Qxd6 cxd6 22. d5 exd5 23. Nxd5 Rce8 24. Bc4 Kh8 25. Nf4 Rxe1 26. Rxe1 Re8 27.
Rxe8+ Bxe8 28. Bd5 g6 29. Kg1 Kg7 30. Kf2 Bf7 31. Bf3 Kf6 32. Ke3 g5 33. Nd3 f4+
34. Kd2 Kf5 35. Nf2 h5 36. Ne4 Ke5 37. Nxg5 Bg6 38. Nh3 Nd4 39. Bxb7 Nxc2 40.
Ng1 Nd4 41. Nf3+ Nxf3+ 42. Bxf3 Kd4 43. g3 fxg3 1/2-1/2

[Event "DRUZYNOWE MISTRZOSTWA POLSKI JUNIOROW - II LIGA"]
[Site "Szczyrk, CKiR Orle Gniazdo ul. Wrzosowa 28a"]
[Date "2014-07-26"]
[Round "3.39"]
[White "Koziorowicz, Michal"]
[Black "Paliszewski, Dominik"]
[Result "1/2-1/2"]
[WhiteTitle "II"]
[BlackTitle "II"]
[WhiteElo "1406"]
[BlackElo "1621"]

1. e4 c6 2. d4 d5 3. Nc3 dxe4 4. Nxe4 Bf5 5. Ng3 Bg6 6. h4 h6 7. h5 Bh7 8. Nf3
Nd7 9. Bd3 Bxd3 10. Qxd3 e6 11. Bf4 Ngf6 12. O-O-O Be7 13. Kb1 Qb6 14. Ne5 Nxe5
15. Bxe5 O-O-O 16. Ne4 Nxe4 17. Qxe4 Ba3 18. b3 Qa5 19. g4 Rhe8 20. Qe3 f6 21.
Bg3 Bb4 22. f3 Rd5 23. Be1 Bxe1 24. Rhxe1 Qa3 25. c4 Rd7 26. Qc3 Qd6 27. Kb2 Red8
28. Qe3 Re7 29. d5 Rde8 30. Qxa7 exd5 31. Qa8+ Kc7 32. Qa5+ Kb8 33. Rxe7 Rxe7
34. cxd5 Re2+ 35. Kb1 Qe5 36. Rd2 Rxd2 37. Qxd2 cxd5 38. Kc2 f5 39. Qc3 Qe2+ 40.
Kb1 fxg4 41. fxg4 Qe4+ 42. Kb2 d4 43. Qa5 Qe7 44. Qf5 Qd6 45. a3 d3 46. Qf1 Qd4+
47. Kb1 Ka7 48. Qe1 Qd5 49. Kb2 Qd4+ 50. Qc3 Qf2+ 51. Kc1 Qf1+ 52. Kd2 Qe2+ 53.
Kc1 Kb8 54. Qd2 Qe4 55. Qa5 Qc6+ 56. Kd2 Qc2+ 57. Ke3 Qe2+ 58. Kd4 Qb2+ 59. Kxd3
Qxb3+ 60. Qc3 Qd5+ 61. Qd4 Qf3+ 62. Kc4 Qxa3 63. Qxg7 Qa4+ 64. Kd5 Qc6+ 65. Kd4
Ka7 66. g5 Qa4+ 67. Kd5 Qb5+ 68. Ke6 Qc6+ 69. Kf5 Qd5+ 70. Qe5 Qf7+ 71. Qf6 1/2-1/2

[Event "DRUZYNOWE MISTRZOSTWA POLSKI JUNIOROW - II LIGA"]
[Site "Szczyrk, CKiR Orle Gniazdo ul. Wrzosowa 28a"]
[Date "2014-07-26"]
[Round "3.41"]
[White "Kaniowska, Anna"]
[Black "Kopica, Paulina"]
[Result "0-1"]
[WhiteTitle "II+"]
[BlackTitle "I"]
[WhiteElo "1363"]
[BlackElo "1697"]

1. d4 e6 2. c4 f5 3. Nc3 Nf6 4. Nf3 b6 5. e3 Bb7 6. Be2 Bb4 7. a3 Bxc3+ 8. bxc3
O-O 9. O-O Qe7 10. Rb1 d6 11. Re1 e5 12. Bf1 Nbd7 13. d5 Ne4 14. Qc2 Ndc5 15.
Nd2 Nxd2 16. Qxd2 Rae8 17. Qc2 Qf6 18. a4 Bc8 19. Ba3 Ne4 20. g3 Ng5 21. Bg2 f4
22. exf4 exf4 23. Rxe8 Rxe8 24. Qd2 f3 25. Bf1 Ne4 26. Qc1 Qxc3 27. Bb2 Qxc1 28.
Rxc1 Nc5 29. Ra1 Bd7 30. a5 Nb3 31. Rd1 Nxa5 32. h4 Bf5 33. Ra1 Ra8 34. Re1 Kf7
35. Bc3 Nb7 36. Re3 Bg4 37. Bd3 h5 38. Be4 a5 39. Bxf3 Bxf3 40. Rxf3+ Kg6 41.
Re3 Rf8 42. f4 Nc5 43. Kf2 Rf7 44. Kf3 Kf5 45. Re2 Nd7 46. Re6 Nf6 47. Bxf6 gxf6
48. Re8 Kg6 49. Re6 Rf8 50. Re7 a4 51. Rxc7 Ra8 52. Re7 a3 53. Re1 Kf5 54. Rb1
a2 55. Ra1 Ra3+ 0-1

[Event "DRUZYNOWE MISTRZOSTWA POLSKI JUNIOROW - II LIGA"]
[Site "Szczyrk, CKiR Orle Gniazdo ul. Wrzosowa 28a"]
[Date "2014-07-26"]
[Round "3.42"]
[White "Trusz, Julia"]
[Black "Zalucka, Emilia"]
[Result "1-0"]
[WhiteTitle "I"]
[BlackTitle "II"]
[WhiteElo "1508"]
[BlackElo "1159"]

1. e4 e5 2. Nf3 Nc6 3. d4 exd4 4. Nxd4 Bc5 5. Nxc6 Qf6 6. Qf3 bxc6 7. Nc3 Qxf3
8. gxf3 Ne7 9. Bf4 d6 10. Bc4 Ng6 11. Be3 Bxe3 12. fxe3 Be6 13. Bxe6 fxe6 14.
f4 O-O 15. O-O d5 16. e5 c5 17. Na4 d4 18. Nxc5 dxe3 19. Nxe6 e2 20. Rf2 Rf7 21.
Rxe2 Nxf4 22. Nxf4 Rxf4 23. Rd1 Rg4+ 24. Kf1 Rf8+ 25. Rf2 Rxf2+ 26. Kxf2 Rc4 27.
c3 Re4 28. Rd8+ Kf7 29. Rd7+ Kf8 30. Rxc7 Rxe5 31. Rxa7 Rf5+ 32. Kg3 Rg5+ 33.
Kh3 Rh5+ 34. Kg2 Rg5+ 35. Kh1 h5 36. b4 h4 37. Ra5 Rg6 38. Rh5 Rc6 39. Rxh4 Rxc3
40. a4 Rc1+ 41. Kg2 Rc2+ 42. Kf3 Ra2 43. b5 Ke7 44. Ke3 Rc2 45. Kd3 Rc1 46. Kd4
Kd6 47. Rg4 Ra1 48. Kc3 Ra3+ 49. Kb4 Rh3 50. Rxg7 Rxh2 51. Ka5 Kc5 52. Rc7+ Kd6
53. b6 Rh5+ 54. Ka6 Rh4 55. a5 Rh5 56. Rg7 Kc6 57. b7 Rh8 58. Ka7 Rh5 59. Rg6+
Kd7 60. b8=Q 1-0

[Event "DRUZYNOWE MISTRZOSTWA POLSKI JUNIOROW - II LIGA"]
[Site "Szczyrk, CKiR Orle Gniazdo ul. Wrzosowa 28a"]
[Date "2014-07-26"]
[Round "3.43"]
[White "Korpalska, Joanna"]
[Black "Karpacz, Piotr"]
[Result "1-0"]
[WhiteTitle "I++"]
[BlackTitle "II+"]
[WhiteElo "1695"]
[BlackElo "1761"]

1. e4 e6 2. d4 d5 3. Nc3 Nf6 4. Bg5 Be7 5. e5 Nfd7 6. h4 h6 7. Bxe7 Qxe7 8. Qg4
f5 9. Qg3 Nf8 10. Be2 g6 11. O-O-O a6 12. f4 Nbd7 13. Nf3 Rg8 14. Qh3 c5 15. g4
cxd4 16. Nxd4 Nc5 17. gxf5 gxf5 18. Bh5+ Kd8 19. Nxf5 Qh7 20. Nd6 Ng6 21. Qe3
Nd7 22. Ne2 Rf8 23. Bxg6 Qxg6 24. f5 Rxf5 25. Nxf5 Qxf5 26. Qxh6 Qxe5 27. Qg5+
Qxg5+ 28. hxg5 Ne5 29. Rh8+ Kc7 30. Nf4 1-0

[Event "DRUZYNOWE MISTRZOSTWA POLSKI JUNIOROW - II LIGA"]
[Site "Szczyrk, CKiR Orle Gniazdo ul. Wrzosowa 28a"]
[Date "2014-07-26"]
[Round "3.44"]
[White "Skierski, Jacek"]
[Black "Szczuraszyk, Jaroslaw"]
[Result "1-0"]
[WhiteTitle "II"]
[BlackTitle "II"]
[WhiteElo "1547"]
[BlackElo "1506"]

1. d4 d5 2. c4 e6 3. cxd5 exd5 4. Nc3 Nf6 5. Bg5 Nbd7 6. e3 Be7 7. Bd3 O-O 8. Nge2
Re8 9. O-O Nf8 10. f3 h6 11. Bh4 c5 12. Qd2 cxd4 13. exd4 Be6 14. Rac1 Qa5 15.
Bb1 Rac8 16. Qd3 Qb6 17. Rc2 g6 18. Qd2 Bf5 19. Rcc1 Bxb1 20. Rxb1 Ne6 21. Bxf6
Bxf6 22. Nxd5 Qd8 23. Nxf6+ Qxf6 24. d5 Rcd8 25. Nc3 Nf4 26. Rbd1 Qg5 27. Ne4
Qf5 28. Nc3 b5 29. Qf2 b4 30. Ne4 Rxd5 31. Rxd5 Nxd5 32. Nd6 Qe6 33. Nxe8 Qxe8
34. Qxa7 Nf4 35. a4 Qe5 36. b3 h5 37. a5 Qg5 38. g3 h4 39. Qb8+ Kg7 40. Qxf4 Qc5+
41. Kh1 h3 42. a6 Qc2 43. Qd4+ Kh7 44. Qh4+ 1-0

[Event "DRUZYNOWE MISTRZOSTWA POLSKI JUNIOROW - II LIGA"]
[Site "Szczyrk, CKiR Orle Gniazdo ul. Wrzosowa 28a"]
[Date "2014-07-26"]
[Round "3.45"]
[White "Wrobel, Michal"]
[Black "Sulkowski, Andrzej"]
[Result "1-0"]
[WhiteTitle "I"]
[BlackTitle "I"]
[WhiteElo "1720"]
[BlackElo "1615"]

1. e4 e6 2. d4 d5 3. exd5 exd5 4. Nc3 c6 5. Bd3 Bd6 6. Nge2 Ne7 7. Bf4 O-O 8. Qd2
Ng6 9. Bxd6 Qxd6 10. O-O-O Nd7 11. f3 b5 12. h4 a5 13. h5 Ne7 14. g4 a4 15. g5
b4 16. Nb1 Ba6 17. Bxa6 Rxa6 18. Rdg1 b3 19. cxb3 axb3 20. a3 c5 21. Nbc3 Rc6
22. Kb1 Nb6 23. dxc5 Qxc5 24. Qd4 Qa5 25. h6 Nf5 26. Qe5 g6 27. Nd4 Nc4 28. Nxc6
Nxe5 29. Nxa5 Nxf3 30. Rd1 d4 31. Ne4 Ne3 32. Rd3 Ne5 33. Rxd4 N5g4 34. Nf6+ Nxf6
35. gxf6 Nf5 36. Rd3 Re8 37. Rhd1 Nxh6 38. Rd8 Kf8 39. Rxe8+ Kxe8 40. Nc6 1-0

[Event "DRUZYNOWE MISTRZOSTWA POLSKI JUNIOROW - II LIGA"]
[Site "Szczyrk, CKiR Orle Gniazdo ul. Wrzosowa 28a"]
[Date "2014-07-26"]
[Round "3.46"]
[White "Mlynarski, Jedrzej"]
[Black "Kawaler, Adam"]
[Result "0-1"]
[WhiteTitle "II"]
[BlackTitle "I"]
[WhiteElo "1455"]
[BlackElo "1610"]

1. d4 d5 2. c4 e6 3. cxd5 exd5 4. Nc3 c5 5. Nf3 Nc6 6. g3 Bf5 7. Bg2 Nf6 8. a3
c4 9. Nh4 Be6 10. Bg5 Be7 11. f4 Ng4 12. Bxe7 Nxe7 13. Qd2 Ng6 14. Nxg6 hxg6 15.
h3 Nf6 16. O-O-O Bf5 17. g4 Be4 18. Bxe4 Nxe4 19. Nxe4 dxe4 20. e3 Qd5 21. h4
Rc8 22. Qc3 Rc6 23. g5 Rb6 24. b4 cxb3 25. Qc8+ Qd8 26. Qxd8+ Kxd8 27. Kb2 a5
28. a4 Kd7 29. Rc1 Rb4 30. Rc5 Rxa4 31. Rhc1 Rxh4 32. Rd5+ Ke6 33. Re5+ Kd6 34.
Rcc5 Rh2+ 35. Kc3 f6 36. Red5+ Ke6 37. Rxa5 b2 38. Rab5 b1=Q 39. Rxb1 Kxd5 40.
Rxb7 Ra3+ 0-1

[Event "DRUZYNOWE MISTRZOSTWA POLSKI JUNIOROW - II LIGA"]
[Site "Szczyrk, CKiR Orle Gniazdo ul. Wrzosowa 28a"]
[Date "2014-07-26"]
[Round "3.48"]
[White "Wagner, Klaudia"]
[Black "Frej, Hanna"]
[Result "1/2-1/2"]
[WhiteTitle "II"]
[BlackTitle "II"]
[WhiteElo "1230"]
[BlackElo "1356"]

1. d4 c5 2. d5 e5 3. e4 d6 4. c4 Be7 5. Nc3 Bg5 6. Bd2 Bxd2+ 7. Qxd2 Nf6 8. Bd3
O-O 9. Nf3 Ng4 10. h3 Nh6 11. O-O f5 12. Qc2 f4 13. Rfb1 a5 14. a3 Bd7 15. Ne2
Nf7 16. Qc3 Ng5 17. Nxg5 Qxg5 18. Kf1 f3 19. Ng3 fxg2+ 20. Kxg2 Qh4 21. Rh1 Be8
22. Be2 Bg6 23. Qe3 Nd7 24. Bf3 Nb6 25. Qd3 Qf4 26. Rac1 Rf7 27. Rhe1 Raf8 28.
Re3 Qg5 29. b3 h5 30. Kh2 Qf4 31. Kg2 h4 32. Ne2 Qg5+ 33. Kh2 Bh5 34. Ng1 Rf6
35. Rb1 Rg6 36. Qf1 Qf4+ 37. Kh1 Bxf3+ 38. Nxf3 Rgf6 39. Rc1 Qh6 40. Rcc3 Qh5
41. Qe2 1/2-1/2

[Event "DRUZYNOWE MISTRZOSTWA POLSKI JUNIOROW - II LIGA"]
[Site "Szczyrk, CKiR Orle Gniazdo ul. Wrzosowa 28a"]
[Date "2014-07-26"]
[Round "3.49"]
[White "Gladysz, Jakub"]
[Black "Kanicki, Krzysztof"]
[Result "0-1"]
[WhiteTitle "I"]
[BlackTitle "I+"]
[WhiteElo "1789"]
[BlackElo "2028"]

1. d4 Nf6 2. c4 g6 3. g3 Bg7 4. Bg2 O-O 5. Nc3 d6 6. Nf3 Nc6 7. d5 Na5 8. Qd3 c5
9. O-O a6 10. Re1 Rb8 11. e4 b5 12. Nd2 Ng4 13. cxb5 axb5 14. h3 Ne5 15. Qc2 b4
16. Nd1 Ba6 17. Bf1 Bxf1 18. Rxf1 Qc8 19. Kg2 Qa6 20. Ne3 Rfc8 21. Nf3 Nxf3 22.
Kxf3 c4 23. Qe2 Qb5 24. Rb1 Qa4 25. Ra1 c3 26. bxc3 bxc3 27. Qc2 Nb3 28. Kg2 Qa6
29. axb3 Qxa1 30. Nc4 Qa6 31. Be3 Qb5 32. Qc1 Qxb3 33. Na5 Qb4 34. Nc6 Rxc6 35.
dxc6 Qxe4+ 36. Kh2 Qxc6 37. Qa3 Rc8 38. Qa7 e6 0-1

[Event "DRUZYNOWE MISTRZOSTWA POLSKI JUNIOROW - II LIGA"]
[Site "Szczyrk, CKiR Orle Gniazdo ul. Wrzosowa 28a"]
[Date "2014-07-26"]
[Round "3.50"]
[White "Marko, Piotr"]
[Black "Wilk, Tomasz"]
[Result "1-0"]
[WhiteTitle "II"]
[BlackTitle "I"]
[WhiteElo "1628"]
[BlackElo "1767"]

1. e4 c5 2. Nf3 Nc6 3. d4 cxd4 4. Nxd4 Nf6 5. Nc3 e5 6. Ndb5 d6 7. Bg5 a6 8. Na3
b5 9. Nd5 Be7 10. Bxf6 Bxf6 11. c3 Bg5 12. Nc2 Rb8 13. Bd3 Be6 14. Nce3 Bxe3 15.
fxe3 Qg5 16. Qe2 O-O 17. O-O Bxd5 18. exd5 Ne7 19. e4 f5 20. a4 Ng6 21. axb5 Nf4
22. Rxf4 exf4 23. bxa6 Rbe8 24. Qf3 Qd8 25. b4 Qb6+ 26. Qf2 Qc7 27. Qd4 f3 28.
gxf3 Qe7 29. exf5 Qg5+ 30. Kh1 Qd2 31. Rg1 Re3 32. Qxg7# 1-0

[Event "DRUZYNOWE MISTRZOSTWA POLSKI JUNIOROW - II LIGA"]
[Site "Szczyrk, CKiR Orle Gniazdo ul. Wrzosowa 28a"]
[Date "2014-07-26"]
[Round "3.51"]
[White "Zak, Piotr"]
[Black "Miszkielo, Bartosz"]
[Result "0-1"]
[WhiteTitle "II"]
[BlackTitle "I"]
[WhiteElo "1328"]
[BlackElo "1678"]

1. e4 c5 2. Nf3 Nc6 3. d4 cxd4 4. Nxd4 e5 5. Nb5 d6 6. N1c3 a6 7. Na3 Be7 8. Nc4
Be6 9. Ne3 Nf6 10. Be2 O-O 11. O-O Nd4 12. Ned5 Bxd5 13. exd5 Qa5 14. Bf3 b5 15.
Be3 Nxf3+ 16. Qxf3 b4 17. Ne4 Nxd5 18. Rfd1 Nxe3 19. Qxe3 d5 20. Ng3 Rad8 21.
Nf5 Bf6 22. Qb3 d4 23. Ng3 g6 24. Ne4 Bg7 25. h3 h6 26. Nd2 Kh7 27. Nc4 Qc5 28.
Re1 Rc8 29. Nd2 Qxc2 30. Nf3 d3 31. Rad1 Qxb3 32. axb3 Rc2 33. Rxd3 Rxb2 34. Nxe5
Re8 35. Ree3 Rxe5 36. Rf3 Rf5 37. Rxf5 gxf5 38. Rf3 Be5 39. g3 Kg6 40. Kg2 Bc3
41. Rd3 Rxb3 42. Rd6+ f6 43. Rxa6 Rb2 44. Kf1 b3 45. Ra8 Rb1+ 46. Kg2 b2 47. Rb8
Rd1 0-1

[Event "DRUZYNOWE MISTRZOSTWA POLSKI JUNIOROW - II LIGA"]
[Site "Szczyrk, CKiR Orle Gniazdo ul. Wrzosowa 28a"]
[Date "2014-07-26"]
[Round "3.52"]
[White "Tokarz, Krzysztof"]
[Black "Bober, Tomasz"]
[Result "1-0"]
[WhiteTitle "II"]
[BlackTitle "II"]
[WhiteElo "1485"]
[BlackElo "1161"]

1. g3 d5 2. Bg2 e5 3. d3 Nf6 4. Nf3 Nc6 5. O-O Bd6 6. c4 h6 7. a3 a5 8. cxd5 Nxd5
9. Nc3 Be6 10. Bd2 O-O 11. Qc1 Qf6 12. Ne4 Qg6 13. Nh4 Qh7 14. Nxd6 cxd6 15. Be4
f5 16. Bg2 Rac8 17. Qd1 Nd4 18. e3 Nc6 19. Bc3 b6 20. Qb3 Nce7 21. e4 a4 22. Qc2
Nxc3 23. bxc3 Bb3 24. Qd2 g5 25. Nxf5 Nxf5 26. exf5 Qxf5 27. c4 Kg7 28. Be4 Qf6
29. Qb4 Rb8 30. Qb5 Rfc8 31. Qd7+ Kf8 32. f4 gxf4 33. gxf4 Qg7+ 34. Qxg7+ Kxg7
35. fxe5 dxe5 36. Rf5 Re8 37. Raf1 Re7 38. Rc1 Rf8 39. Rxf8 Kxf8 40. c5 bxc5 41.
Rxc5 Re6 42. Kf2 Ke7 43. Kg3 Kf6 44. Kh4 Bd1 45. Rc1 Bb3 46. Kh5 Kg7 47. Rc7+
Kf8 48. Bg6 Re7 49. Rxe7 Kxe7 50. Kxh6 Kf6 51. h4 Bg8 52. Be8 Bb3 53. Kh7 Bc2
54. Bg6 Bb3 55. h5 Bd5 56. h6 Bf7 57. Be4 Bb3 58. Kh8 Kf7 59. Bc6 Kf8 60. Kh7
Kf7 61. Bb5 Be6 62. Kh8 Bb3 63. Bd7 Bc2 64. Bf5 Bb1 65. Be4 Bc2 66. Kh7 Bb3 67.
Bf3 Ba2 68. Bg2 Bb3 69. Bf3 Ba2 70. Bh5+ Kf6 71. Be8 Bb3 72. Bb5 Bc2 73. Bc4 1-0

[Event "DRUZYNOWE MISTRZOSTWA POLSKI JUNIOROW - II LIGA"]
[Site "Szczyrk, CKiR Orle Gniazdo ul. Wrzosowa 28a"]
[Date "2014-07-26"]
[Round "3.53"]
[White "Kozubal, Aleksandra"]
[Black "Rogacka, Natalia"]
[Result "1-0"]
[WhiteTitle "I+"]
[BlackTitle "II+"]
[WhiteElo "1576"]
[BlackElo "1509"]

1. d4 Nf6 2. c4 g6 3. Nc3 Bg7 4. e4 d6 5. Nf3 O-O 6. Be2 e5 7. d5 Ne8 8. Bg5 f6
9. Bh4 a6 10. O-O g5 11. Bg3 f5 12. exf5 Bxf5 13. Bd3 Nd7 14. Bxf5 Rxf5 15. Ne4
h6 16. Qd3 Rf7 17. h4 g4 18. Nh2 Nef6 19. Qe2 Nxe4 20. Qxe4 Nf6 21. Qe2 Qd7 22.
Rad1 Re8 23. Rfe1 h5 24. Nf1 Bh6 25. Qc2 Kg7 26. Ne3 Bxe3 27. Rxe3 a5 28. a3 b6
29. b4 axb4 30. axb4 Ra8 31. c5 bxc5 32. bxc5 Ra5 33. Rc3 Re7 34. Rc4 Qb5 35.
Rb1 Qa6 36. cxd6 Qxd6 37. Rc6 Qxd5 38. Rxc7 Ra7 39. Rxa7 Rxa7 40. Qf5 Re7 41.
Rb6 Qf7 42. Bxe5 Rxe5 43. Qxe5 Qg6 44. Rb7+ Kf8 45. Qe7+ Kg8 46. Rb8+ 1-0